000 00339nam a2200145 i 4500
001 bg
100 1 _aSTYPUŁKOWSKI, B.
245 0 _aDrogi kołowe i węzły drogowe /
_cB. Stypułkowski.
250 _aWyd.2.
260 _aWarszawa,
_c1984.
040 _cBPK
041 _apol
942 _cKS
008 s pl f |000 0 pol
999 _c5089
_d5089
856 _uhttp://koha.tu.koszalin.pl/cgi-bin/koha/opac-detail.pl?biblionumber=5089
_yKatalog online BPK